Statistics for Prime Ministers of Italy Quiz

Click here to take the quiz!

General Stats

  • This quiz has been taken 230 times
    (139 since last reset)
  • The average score is 23 of 60

Answer Stats

TermPrime Minister% Correct
1994-1995,
2001-2006,
2008-2011
Silvio Berlusconi
98%
2022-Giorgia Meloni
93%
2021-2022Mario Draghi
87%
2014-2016Matteo Renzi
87%
2018-2021Giuseppe Conte
84%
1922-1943Benito Mussolini
77%
2011-2013Mario Monti
71%
1996-1998,
2006-2008
Romano Prodi
71%
2013-2014Enrico Letta
65%
2016-2018Paolo Gentiloni
65%
1983-1987Bettino Craxi
63%
1963-1968,
1974-1976
Aldo Moro
62%
1972-1973,
1976-1979,
1989-1992
Giulio Andreotti
62%
1945-1953Alcide De Gasperi
54%
1861Count of Cavour
50%
1992-1993,
2000-2001
Giuliano Amato
47%
1998-2000Massimo D'Alema
47%
1943-1944Pietro Badoglio
46%
1993-1994Carlo Azeglio Ciampi
42%
1995-1996Lamberto Dini
39%
1954,
1958-1959,
1960-1963,
1982-1983,
1987
Amintore Fanfani
38%
1979-1980Francesco Cossiga
36%
1963,
1968
Giovanni Leone
35%
1968-1970,
1973-1974
Mariano Rumor
35%
1917-1919Vittorio Emanuele
Orlando
35%
1887-1891,
1893-1896
Francesco Crispi
34%
1892-1893,
1903-1905,
1906-1909,
1911-1914,
1920-1921
Giovanni Giolitti
34%
1922Luigi Facta
34%
1876-1878,
1878-1879,
1881-1887
Agostino Depretis
32%
1981-1982Giovanni Spadolini
32%
1988-1989Ciriaco De Mita
30%
1921-1922,
1944-1945
Ivanoe Bonomi
30%
1914-1916Antonio Salandra
29%
1980-1981Arnaldo Forlani
28%
1960Fernando Tambroni
28%
1987-1988Giovanni Goria
28%
1898-1900Luigi Pelloux
27%
1955-1957,
1959-1960
Antonio Segni
26%
1953-1954Giuseppe Pella
26%
1906,
1909-1910
Sidney Sonnino
25%
1901-1903Giuseppe Zanardelli
24%
1864-1866Alfonso Ferrero
la Marmora
23%
1954-1955Mario Scelba
23%
1878,
1879-1881
Benedetto Cairoli
22%
1861-1862,
1866-1867
Bettino Ricasoli
21%
1970-1972Elimio Colombo
21%
1916-1917Paolo Boselli
21%
1867,
1867
Urbano Rattazzi
21%
1957-1958Adone Zoli
20%
1945Ferruccio Parri
20%
1919-1920Francesco
Saverio Nitti
20%
1905Tommaso Tittoni
20%
1869-1873Giovanni Lanza
18%
1905-1906Alessandro Fortis
17%
1891-1892,
1896-1898
Antonio Starabba
16%
1863-1864,
1873-1876
Marco Minghetti
16%
1900-1901Giuseppe Saracco
15%
1862-1863Luigi Carlo Farini
15%
1867-1869Luigi Federico
Menabrea
15%
1910-1911Luigi Luzzatti
14%

Score Distribution

Percentile by Number Answered

Percent of People with Each Score

Your Score History

You have not taken this quiz since the last reset